000
00405nam a2200133Ia 4500
008
151001s9999||||xx |||||||||||||| ||und||
100
_a
गोविंद गोपाळ टिपणीस
245
_a
कौटिलीय अर्थशास्त्र प्रदीप
250
_a
2
260
_b
वरदा बुक्स
260
_c
1990
300
_a
207
365
_b
20
999
_c
971517
_d
971514